| 000 | 00679nam a2200205Ia 4500 | ||
|---|---|---|---|
| 008 | 191130s1997##################000#0#eng## | ||
| 020 | _a9780521584302 | ||
| 040 |
_aACL _cACL |
||
| 082 | _a270.2092 MAR | ||
| 100 | _aMarkus, R. A | ||
| 245 |
_aGregory the great and his world _cR.A. Markus |
||
| 260 |
_aCambridge _bCambridge University Press _cc1997 |
||
| 300 | _axxiii, 241 p. : maps ; 23 cm | ||
| 500 | _aIncludes bibliographical references (p. 211-224) and indexes | ||
| 650 | _aChurch history - Primitive and early church, ca. 30-600 | ||
| 650 | _aGregory I, Pope, ca. 540-604 | ||
| 990 | _ab78a1b79ac10000c54b9fee856f73a27 | ||
| 991 | _a111648 | ||
| 999 |
_c266323 _d266323 |
||